| 000 | 00983cam a2200325Ma 4500 | ||
|---|---|---|---|
| 001 | 102508 | ||
| 005 | 20230410124057.0 | ||
| 008 | 021210s2005 ck a b 000 0 spa d | ||
| 035 | _a(OCoLC)ocn463665946 | ||
| 040 |
_aHLS _cHLS |
||
| 020 | _a958974799X | ||
| 020 | _a9789589747995 | ||
| 035 | _a(OCoLC)463665946 | ||
| 043 | _as-ck--- | ||
| 050 | 1 | 4 |
_aLE41.C78 _bU65l 2005 |
| 049 | _aGRAL | ||
| 245 | 0 | 0 |
_aUniversidad Libre : _blibro de oro. |
| 246 | 1 | 0 | _aLibro de oro, Universidad Libre |
| 250 | _aNueva ed. | ||
| 260 |
_aBogotâa : _bUniversidad Libre, _c2005 |
||
| 300 |
_a713 p. : _bill. (some col.) ; _c33 cm. |
||
| 504 | _aIncludes bibliographical references (p. 713). | ||
| 610 | 2 | 0 |
_aUniversidad Libre de Colombia _xHistory. |
| 610 | 2 | 0 |
_aUniversidad Libre de Colombia _xStudents _vRegisters. |
| 650 | 0 |
_aUniversities and colleges _zColombia _zHistory. |
|
| 710 | 2 | _aUniversidad Libre de Colombia. | |
| 942 |
_2lcc _cbk |
||
| 994 |
_aC0 _bDRFGD |
||
| 946 | _arg | ||
| 999 |
_c70523 _d70523 |
||